NWSL Clubs -- 2026 - Statistics

General Stats
  • This quiz has been taken 14 times
  • The average score is 9 of 16
Answer Stats
Club % Correct
Angel City FC
82%
Bay FC
64%
Chicago Stars FC
64%
Gotham FC
64%
Orlando Pride
64%
San Diego Wave FC
64%
Denver Summit FC
55%
Houston Dash
55%
Portland Thorns FC
55%
Seattle Reign
55%
Washington Spirit
55%
Boston Legacy FC
45%
Kansas City Current
45%
Racing Louisville FC
45%
Utah Royals FC
36%
North Carolina Courage
27%
No matching quizzes found
Score Distribution
Percent of People with Each Score
Percentile by Number Answered
Your Score History
You have not taken this quiz